MARC

LEADER 00000nam0a2200000 4500
001 308796
005 20231102002129.0
035 |a (RuTPU)RU\TPU\book\334117 
090 |a 308796 
100 |a 20151106d1981 km y0rusy50 ca 
101 0 |a rus 
102 |a RU 
105 |a ab z 001zy 
200 1 |a Геология Якутской АССР  |f Якутское территориальное геологическое управление ; под ред. В. Б. Спектора 
210 |a Москва  |c Недра  |d 1981 
215 |a 300 с.  |c ил. 
320 |a Библиогр.: с. 290-298 
606 1 |a Геология  |y Якутия  |2 stltpush  |3 (RuTPU)RU\TPU\subj\72294  |9 85856 
610 1 |a геологическое строение 
610 1 |a стратиграфические разрезы 
610 1 |a геохронология 
610 1 |a шкалы 
610 1 |a архейская эра 
610 1 |a кайнозой 
610 1 |a магматизм 
610 1 |a тектоника 
610 1 |a кристаллические фундаменты 
610 1 |a Сибирская платформа 
610 1 |a платформенный чехол 
610 1 |a складчатые области 
675 |a 55(571.56)  |v 4 
702 1 |a Спектор  |b В. Б.  |4 340 
712 0 2 |a Якутское территориальное геологическое управление  |2 stltpush  |3 (RuTPU)RU\TPU\col\9184  |9 24657 
801 1 |a RU  |b 63413507  |c 20151106 
801 2 |a RU  |b 63413507  |c 20191021  |g RCR 
942 |c BK